000 00808nam a22002417a 4500
005 20240305140514.0
010 _aENG-139536
020 _a9788181715654
_c6475.00
035 _aEN-123068
037 _bDBAD/PUB
082 _a577.6809541
_21
100 _aChandra, Kailash
_962797
245 _aFaunal Diversity of Biogeographic Zones of India:
_bNorth-East/
_cBy Kailash Chandra...[et.al]
250 _a1
260 _aKolkata
_bZoological Survey of India
_c2021
270 _aM-Block, New Alipore
_bKolkata
_e700053
300 _a720p.
_c28cm(hbk)
_bIncludes Index, ill.Col.
700 _aKosygin, Laishram
_eAuthor
_962790
700 _aRaghunathan, C.
_eAuthor
_962798
700 _aGupta, Devanshu
_eAuthor
_962799
942 _2ddc
_h577.6809541
_cEN
_mCHA
_e1
999 _c201224
_d201224